Quizzes
Events
Quiz Creation
Community
Videos
Private Events
Remove Ads
Sign In
Join for FREE
Feedback
Dark Mode
Quiz Categories
Sports
Geography
Music
Movies
Television
Just For Fun
Miscellaneous
History
Literature
Language
Science
Gaming
Entertainment
Religion
Holiday
For Kids
Quiz Lab
Recent
Popular Today
Quiz Kudos Today
Editor Picks
Curator Picks
Quizzes by...
Day
Popularity
Type
Ratings
Length
Year
Community
Subscriptions
Recent Discussions
Orange Saloon
Badges
Playlists
Quests
Create
Leaderboards
Showdown
Live 5
Trivia Bingo
Activity
Puzzle Library
Sporcle Events
Private Events
Virtual Trivia
Globe League
Become a Host
Pub Owners
SporcleCon
Opinionation
Our Games
Videos
Blog
Mobile Apps
Partnerships
Remove Ads and Go Orange
Feedback
Sports
Athletes
MLB
NBA
NHL
NFL
Soccer
Sports Teams
WWE
NCAA
Football
Premier League
Basketball
Baseball
Hockey
Golf
Tennis
Cricket
Rugby
Auto Racing
Olympics
World Cup
Sports
Athletes
MLB
NBA
NHL
NFL
Soccer
Sports Teams
WWE
NCAA
Football
Premier League
Basketball
Baseball
Hockey
Golf
Tennis
Cricket
Rugby
Auto Racing
Olympics
World Cup
Random Quiz
Search Sporcle
×
Quiz Lab
Quiz Lab
Sports
NBA
Type in answers that appear in a list
Type in answers that appear in a list
Classic
Best Score? Go Orange.
Top 50 2010 NBA Free Agents Stats
Can you name the Top 50 2010 NBA Free Agents ?
By
Nada
8m
50 Questions
4,169 Plays
4,169 Plays
4,169 Plays
Comments
Comments
Give Quiz Kudos
Give Quiz Kudos
-
- Ratings
hide this ad
Replay
Link that replays current quiz
Next Quiz
Link to next quiz in quiz playlist
You Got
0%
They Got
Avg Score
32%
Avg Friend Score
Upgrade to see
Score Distribution
Jump to the score distribution portion of the page
Score
0/50
Timer
08:00
0
Plays Today
Former Team
Player
% Correct
Cleveland Cavaliers
Lebron James
99.6%
Miami Heat
Dwyane Wade
98.6%
Toronto Raptors
Chris Bosh
94.9%
Dallas Mavericks
Dirk Nowitzki
93.2%
Boston Celtics
Paul Pierce
83.7%
Atlanta Hawks
Joe Johnson
82.4%
Houston Rockets
Yao Ming
82.2%
Toronto Raptors
Amir Johnson
81.8%
Phoenix Suns
Amar'e Stoudemire
81.1%
Boston Celtics
Ray Allen
78.2%
Utah Jazz
Carlos Boozer
74.6%
New York Knicks
David Lee
62.6%
Memphis Grizzlies
Rudy Gay
60.3%
Cleveland Cavaliers
Shaquille O'Neal
48.5%
Miami Heat
Jermaine O'Neal
48.3%
Washington Wizards
Josh Howard
37.3%
Charlotte Bobcats
Raymond Felton
32.6%
Houston Rockets
Luis Scola
30.3%
Olympiakos (Greece)
Josh Childress
29%
San Antonio Spurs
Richard Jefferson
24.1%
Milwaukee Bucks
John Salmons
23%
Boston Celtics
Nate Robinson
22.1%
Chicago Bulls
Brad Miller
21.2%
Washington Wizards
Mike Miller
21.1%
Cleveland Cavaliers
Zydrunas Ilgauskas
20.9%
Former Team
Player
% Correct
Miami Heat
Udonis Haslem
20.6%
Dallas Mavericks
Brendan Haywood
17.6%
Charlotte Bobcats
Tyrus Thomas
16.5%
Orlando Magic
J.J. Redick
15.6%
New York Knicks
Al Harrington
14.6%
Detroit Pistons
Will Bynum
13.3%
Orlando Magic
Matt Barnes
13%
Los Angeles Lakers
Jordan Farmar
10.2%
Utah Jazz
Kyle Korver
9.7%
San Antonio Spurs
Matt Bonner
8.9%
Houston Rockets
Kyle Lowry
8.7%
San Antonio Spurs
Roger Mason Jr.
7.3%
Phoenix Suns
Channing Frye
6.6%
Memphis Grizzlies
Ronnie Brewer
5.8%
Washington Wizards
Randy Foye
5.5%
Chicago Bulls
Hakim Warrick
4.8%
Milwaukee Bucks
Luke Ridnour
4.1%
Miami Heat
Carlos Arroyo
3.8%
San Antonio Spurs
Ian Mahinmi
3.8%
Los Angeles Clippers
Steve Blake
3.7%
Golden State Warriors
Anthony Morrow
3.4%
Golden State Warriors
C.J. Watson
2.8%
Olympiakos (Greece)
Linas Kleiza
2.6%
Los Angeles Clippers
Travis Outlaw
2.4%
New York Knicks
Sergio Rodriguez
1.9%
Quiz Playlist
Details
Report
Send in Message
Add To Playlist
Classic:
Type in answers that appear in a list
Quiz Source
Last Updated: Mar 7, 2018
Quiz Scoreboard
CHALLENGE
Sign Up to Join the Scoreboard
Show All
Scores
Hide
Comments
May contain spoilers
Recently Published
Movies - When Are They Set?
by FPL_Elf
Movies
5m
Popular People in 1961
by mucciniale
History
6m
1-10 Letter E Words III
by El_Dandy
Language
2m
More to Explore
Quiz From the Vault
Featured Blog Post
Where Did the Easter Bunny Come From?
hide this ad
You Might Also Like...
Tags
Basketball Quiz
NBA Quiz
2010
Agent
Former
free
Player
team
Top 50
Today's Top Quizzes in Sports
Browse Sports
hide this ad
Today's Top Quizzes in NBA
Browse NBA
Top Contributed Quizzes in Sports
1
Les meilleurs buteurs des matchs entre le PSG et l’OM
2
Les entraîneurs de l'OM et du PSG au 21e siècle
3
FIFA Club World Cup Champions
4
2022 World Cup Stars
5
Name the Premier League winners with different clubs
6
La finale Lions - Afrique du Sud 2021
7
Criteria MLB: Left Handed Sluggers
8
Players with Multiple 50 Home Run Seasons
9
MLB Players with Two .350 Batting Average Seasons
10
MLB Hall of Famer by Rings
Explore More
Trending Topics
Harry Potter
Anime
Kpop
Marvel
Disney
Crossword
NBA
Country
NFL
Pokémon
Soccer
Puzzle
WWE
The Office
Song
hide this ad
More By:
Nada
Quiz
Plays
Rating
Category
Featured
Created
You Wanna Know How I Got These Scars?
8,408
4.73
Movies
Dec 5, 2010
Top 50 2010 NBA Free Agents
4,169
4.12
Sports
May 16, 2010
MLB Power Hitters with Speed
1,551
4.33
Sports
Aug 22, 2010
Most Homeruns by Different Positions
790
2.55
Sports
May 7, 2010
Yes in different languages
650
4.10
Language
Jan 14, 2010
Go to Creator's Profile
Score Distribution
Quiz Creator Spotlight
Nada
Follow
Send a Message
Quizzes Created
-
Created Quiz Play Count
-
More By This Creator
Popular Quizzes Today
1
Find the US States - No Outlines Minefield
2
Find the Countries of Europe - No Outlines Minefield
3
The Countries of the World
4
Popular People in 1961
5
1-10 Letter E Words III
6
US States
7
Find the US States
8
One Thing in Common: World Cities II
More Sports Quizzes
Wrestlemania & Starrcade Wrestlers
Published
Trending Quizzes
Risky Map Clicking: Least Populous States A-Z
1-10 Letter F Words
1-10 Letter G Words
One Thing in Common: United Kingdom
Risky Map Clicking: Next State Alphabetically
Recently Updated
Leaping Animals
pecheneg
Reality TV Shows (A-Z)
bhenderson79
Rickey Henderson's Hall of Fame Teammates
pecheneg
Champions League XIs: Arsenal
pecheneg
Quick Pick: Celebrities in WWE's Hall of Fame
aduchscher
A-Z Keypad Blitz II
pecheneg
Multiple Oscar Actors
pecheneg
Mystery Phrase Blitz: Oscar 'Best Actors'
pecheneg
F. Scott Fitzgerald Novels
LTH
Pick 3 Villains
ddd62291
Trending Topics
Harry Potter
Kpop
Anime
NBA
Marvel
Crossword
Disney
Country
WWE
Song
Soccer
Pokémon
Puzzle
The Office
NFL
Your Account Isn't Verified!
In order to create a playlist on Sporcle, you need to verify the email address you used during registration. Go to your
Sporcle Settings
to finish the process.
Report this User
Report this user for behavior that violates our
Community Guidelines
.
Details:
Send Report
Go to the Sporcle.com Mobile Site →
Comments